<?xml version="1.0" encoding="UTF-8"?>
<record
    xmlns:xsi="http://www.w3.org/2001/XMLSchema-instance"
    xsi:schemaLocation="http://www.loc.gov/MARC21/slim http://www.loc.gov/standards/marcxml/schema/MARC21slim.xsd"
    xmlns="http://www.loc.gov/MARC21/slim">

  <leader>00759naa a2200193 i 4500</leader>
  <controlfield tag="001">BPP</controlfield>
  <controlfield tag="003">BPK</controlfield>
  <controlfield tag="005">20160601131942.0</controlfield>
  <controlfield tag="008">150522s2002    pl     f     |000 0 ger</controlfield>
  <datafield tag="040" ind1=" " ind2=" ">
    <subfield code="c">BPK</subfield>
  </datafield>
  <datafield tag="041" ind1=" " ind2=" ">
    <subfield code="a">ger</subfield>
  </datafield>
  <datafield tag="044" ind1=" " ind2=" ">
    <subfield code="a">DEU</subfield>
  </datafield>
  <datafield tag="100" ind1=" " ind2=" ">
    <subfield code="a">JASIULEWICZ, Micha&#x142;.</subfield>
    <subfield code="d">1996 - .</subfield>
    <subfield code="b">Politechnika Koszali&#x144;ska - Wydzia&#x142; Ekonomii i Zarz&#x105;dzania,</subfield>
    <subfield code="c">Katedra Polityki Spo&#x142;eczno-Gospodarczej i Ekonomiki Regionalnej</subfield>
  </datafield>
  <datafield tag="245" ind1=" " ind2=" ">
    <subfield code="a">Bedeutung und Moglichkeiten der Nutzung nachwachsender Rohstoffe in Polen /</subfield>
    <subfield code="c">Micha&#x142; Jasiulewicz..</subfield>
  </datafield>
  <datafield tag="260" ind1=" " ind2=" ">
    <subfield code="c">2002.</subfield>
  </datafield>
  <datafield tag="500" ind1=" " ind2=" ">
    <subfield code="a">Dane z bibliografii za&#x142;&#x105;cznikowej.</subfield>
  </datafield>
  <datafield tag="773" ind1=" " ind2=" ">
    <subfield code="i">W :</subfield>
    <subfield code="t">Strukturveranderungen und Ihre Auswirkungen auf die Kulturlandschaft im landlichen Raum. -</subfield>
    <subfield code="d">Dedelow - Koszalin, 2002</subfield>
  </datafield>
  <datafield tag="942" ind1=" " ind2=" ">
    <subfield code="c">ART</subfield>
    <subfield code="2">UKD</subfield>
  </datafield>
  <datafield tag="999" ind1=" " ind2=" ">
    <subfield code="c">736</subfield>
    <subfield code="d">736</subfield>
  </datafield>
</record>
